ნორმალური ფორმატი
MARC ფორმატი
ჩანაწერი Corporate Name
ჩანაწერთა რაოდენობა, რომელიც გამოყენებულია: 2
001 - CONTROL NUMBER
- control field: 17648
003 - CONTROL NUMBER IDENTIFIER
- control field: GE_BSU
005 - DATE AND TIME OF LATEST TRANSACTION
- control field: 20230418101449.0
008 - FIXED-LENGTH DATA ELEMENTS
- fixed length control field: 230418|| aca||aabn | a|a d
040 ## - CATALOGING SOURCE
- Original cataloging agency: GE_BSU
- Transcribing agency: GE_BSU
110 ## - HEADING--CORPORATE NAME
- Corporate name or jurisdiction name as entry element: საქ. კულტ., ძეგლთა დაცვისა და სპორტის სამინისტრო
- Subordinate unit: ქართ. ხელოვნ. ისტ. და ძეგლთა დაცვის ეროვნ. ცენტრი.
670 ## - SOURCE DATA FOUND
- Source citation: Work cat.: (GE_BSU): ჩუბინაშვილი, გიორგი 17645, არმაზის პიტიახშთა ნეკროპოლში აღმოჩენილი ნივთების მხატვრული დახასიათების ცდა = Опыт художествнной характеристики предметов из раскопок некрополя питиахшей в Армазии /
